Oru Koṭiyil iru malarkaḷ. (Record no. 81412)

MARC details
000 -LEADER
fixed length control field 00616cam a22002291 4500
001 - CONTROL NUMBER
control field sa 68006640
003 - CONTROL NUMBER IDENTIFIER
control field DLC
005 - DATE AND TIME OF LATEST TRANSACTION
control field 20260227112517.0
008 - FIXED-LENGTH DATA ELEMENTS--GENERAL INFORMATION
fixed length control field 800129s1965 ii 000 1 tam
010 ## - LIBRARY OF CONGRESS CONTROL NUMBER
LC control number sa 68006640
035 ## - SYSTEM CONTROL NUMBER
System control number (OCoLC)21527720
040 ## - CATALOGING SOURCE
Original cataloging agency DLC
Transcribing agency NN
Modifying agency OCoLC
-- DLC
042 ## - AUTHENTICATION CODE
Authentication code premarc
050 00 - LIBRARY OF CONGRESS CALL NUMBER
Classification number PL4758.9.M27
Item number O7
100 1# - MAIN ENTRY--PERSONAL NAME
Personal name Manisekaran, Kovi,
Dates associated with a name 1926-
245 10 - TITLE STATEMENT
Title Oru Koṭiyil iru malarkaḷ.
Remainder of title [1. patippu]
260 ## - PUBLICATION, DISTRIBUTION, ETC.
Place of publication, distribution, etc. Cen̲n̲ai,
Name of publisher, distributor, etc. Kan̲ēca Nilaiyam
Date of publication, distribution, etc. [1965]
300 ## - PHYSICAL DESCRIPTION
Extent 155 p.
Dimensions 18 cm.
500 ## - GENERAL NOTE
General note In Tamil.
500 ## - GENERAL NOTE
General note Short stories.
650 #0 - SUBJECT ADDED ENTRY--TOPICAL TERM
Topical term or geographic name entry element Short stories, Tamil.

No items available.

Powered by Koha